Your PhD companion : (Record no. 61109)

MARC details
000 -LEADER
fixed length control field 01074nam a22002777a 4500
005 - DATE AND TIME OF LATEST TRANSACTION
control field 20130926172558.0
010 ## - LCCN (DPL NO)
LC control number ENG-104765
020 ## - INTERNATIONAL STANDARD BOOK NUMBER
International Standard Book Number 9788130914664
Terms of availability 175.00
035 ## - SYSTEM CONTROL NUMBER
System control number EN-88298
035 ## - SYSTEM CONTROL NUMBER
System control number B-492175-179
037 ## - SOURCE OF ACQUISITION
Source of stock number/acquisition DBAD/PUB
037 ## - SOURCE OF ACQUISITION
Source of stock number/acquisition Virtuous Pub/Ven
082 ## - DEWEY DECIMAL CLASSIFICATION NUMBER
Classification number 378.155
100 ## - MAIN ENTRY--PERSONAL NAME
Personal name Marshall, Stephen
245 00 - TITLE STATEMENT
Title Your PhD companion :
Remainder of title a handy mix of practical tips, sound advice and helpful commentary to see you through your PhD /
Statement of responsibility, etc by Stephen Marshall [and] Nick Green
250 ## - EDITION STATEMENT
Edition statement 3rd rev & updated ed
260 ## - PUBLICATION, DISTRIBUTION, ETC. (IMPRINT)
Place of publication, distribution, etc New Delhi
Name of publisher, distributor, etc Viva Books
Date of publication, distribution, etc 2010
270 ## - ADDRESS
Address B-1, 4262/3, Ansari Road, Darya Ganj
City New Delhi
Postal code 110002
300 ## - PHYSICAL DESCRIPTION
Extent xii,156p. :
Dimensions 23cm(pbk)
Other physical details ill.
500 ## - GENERAL NOTE
General note Includes bibliographical references and index
650 ## - SUBJECT ADDED ENTRY--TOPICAL TERM
Topical term or geographic name as entry element Doctor of philosophy degree.
650 ## - SUBJECT ADDED ENTRY--TOPICAL TERM
Topical term or geographic name as entry element Universities and colleges
General subdivision Graduate work.
700 ## - ADDED ENTRY--PERSONAL NAME
Personal name Green, Nick
Dates associated with a name 1965-
9 (RLIN) 39485
942 ## - ADDED ENTRY ELEMENTS (KOHA)
Source of classification or shelving scheme Dewey Decimal Classification
Item type English Books
Classification part 378.155
Call number suffix MAR
Holdings
Withdrawn status Lost status Not for loan Collection code Home library Current library Date acquired Source of acquisition Cost, normal purchase price Full call number Barcode Copy number Cost, replacement price Koha item type
      Non-fiction Central Library Central Library 26/09/2013 Virtuous Pub/IN 1304/17.01.13/130/18.12.12/23.01.13 175.00 378.155 MAR B-492175 1 175.00 English Books
    Not For Loan Non-fiction D.B.Act.Division D.B.Act.Division 18/01/2012 DBAD/PUB 175.00 378.155 MAR EN-88298 1 175.00 English Books
      Non-fiction Janak Puri Janak Puri 26/09/2013 Virtuous Pub/IN 1304/17.01.13/130/18.12.12/23.01.13 175.00 378.155 MAR B-492177 1 175.00 English Books
      Non-fiction Patel Nagar Patel Nagar 26/09/2013 Virtuous Pub/IN 1304/17.01.13/130/18.12.12/23.01.13 175.00 378.155 MAR B-492176 1 175.00 English Books
      Non-fiction Sarojini Nagar Sarojini Nagar 26/09/2013 Virtuous Pub/IN 1304/17.01.13/130/18.12.12/23.01.13 175.00 378.155 MAR B-492178 1 175.00 English Books
      Non-fiction Shahdara Branch Shahdara Branch 26/09/2013 Virtuous Pub/IN 1304/17.01.13/130/18.12.12/23.01.13 175.00 378.155 MAR B-492179 1 175.00 English Books

© Delhi Public Library
Hit Counter
free hit counter